Dallas Stars 2025-2026 Roster - Statistics

General Stats
  • This quiz has been taken 38 times
    36 since last reset
  • The average score is 16 of 24
Answer Stats
Jersey # Pos Player % Correct
21 LW Jason Robertson
100%
4 D Miro Heiskanen
100%
14 LW Jamie Benn
96%
96 RW Mikko Rantanen
93%
91 C Tyler Seguin
93%
29 G Jake Oettinger
89%
95 C Matt Duchene
89%
24 C Roope Hintz
89%
55 D Thomas Harley
89%
23 D Esa Lindell
86%
1 G Casey DeSmith
82%
18 C Sam Steel
75%
53 C Wyatt Johnston
68%
12 C Radek Faksa
64%
46 D Ilya Lyubushkin
61%
6 D Lian Bichsel
61%
10 C Oskar Back
61%
22 C Mavrik Bourque
54%
15 C Colin Blackwell
50%
28 D Alexander Petrovic
46%
11 RW Nathan Bastian
43%
5 D Nils Lundkvist
43%
27 D Trey Taylor
7%
37 C Harrison Scott
4%
No matching quizzes found
Score Distribution
Percent of People with Each Score
Percentile by Number Answered
Your Score History
You have not taken this quiz since the last reset